| 000 | 00758nam a2200205Ii 4500 | ||
|---|---|---|---|
| 003 | JO-AjNU | ||
| 008 | 230605s9999||||xx |||||||||||||| ||und|| | ||
| 040 |
_aJO-AjNU _bara _erda _cJO-AjNU |
||
| 041 | _aara | ||
| 050 | 1 | 4 | _aDS35.63.J862.1983 |
| 100 | 3 |
_aبقلم الجندي، انور, _eauthor _960387 |
|
| 245 | 0 | 0 | _a العالم الاسلامي والاستعمار السياسي والاجتماعي والثقافي |
| 250 | _aط2 | ||
| 264 | 3 | 1 | _aبيروت: دار الكتاب اللبناني - مكتبة المدرسة، 1983 |
| 300 | _a463ص | ||
| 336 |
_atext _btxt _2rdacontent |
||
| 337 |
_aunmediated _bn _2rdamedia |
||
| 338 |
_avolume _bnc _2rdacarrier |
||
| 490 | 0 | _aسلسلة الموسوعة الاسلامية العربية 4 | |
| 999 |
_aA27227 _c30795 _d30795 |
||